000 00782nam a2200205 a 4500
001 39359
005 20180714012903.0
008 140415s1987 sp 000 0 spa d
020 _a8425417570
041 _aspa
082 _a270
_bBIB
100 1 _aVILANOVA, EVANGELISTA
245 1 0 _aHISTORIA DE LA TEOLOGIA CRISTIANA :
_bSIGLOS XVIII, XIX Y XX
250 _a1a ed.
260 _aESPAÑA :
_bHERDER,
_c1987
300 _a3
_cx 14.2 x 21.5
490 _aBIBLIOTECA HERDER SECCION DE TEOLOGIA Y FILOSOFIA
520 _aABARCA LA EPOCA MODERNA Y CONTEMPORANEA, ES DECIR, LOS SIGLOS XVIII, XIX Y XX, Y CON EL EL IMPONENTE TRABAJO DEL PADRE EVANGELISTA VILANOVA LLEGA FELIZMENTE A SU FIN.
650 1 4 _aIGLESIA
_xHISTORIA
_xSIGLO XX
_xIGLESIA
_xHISTORIA
_xSIGLO XIX
999 _c39359
_d39359